[Event "Benidorm 2013 - Torneo sub2300"]
[Site "Benidorm ESP"]
[Date "2013.12.06"]
[Round "9.3"]
[White "Nicolas Zapata, Irene"]
[Black "Valmana Canto, Jaime"]
[Result "0-1"]
[WhiteElo "2241"]
[BlackElo "2298"]
[PlyCount "70"]
[EventDate "2013.11.29"]
[EventType "swiss"]
[EventRounds "10"]
[EventCountry "ESP"]
[Source "lmi"]
[SourceDate "2013.11.29"]

1. e4 d5 2. exd5 Qxd5 3. Nf3 Bg4 4. Nc3 Qh5 5. Be2 Nc6 6. h3 O-O-O 7. O-O Bxh3
8. gxh3 Qxh3 9. Nh2 e6 10. Ne4 f5 11. Ng5 Qh6 12. d3 Bd6 13. f4 Qf6 14. Bd2 h6
15. Ngf3 Qe7 16. b4 g5 17. b5 Bc5+ 18. Kh1 Nd4 19. Nxd4 Bxd4 20. c3 Bc5 21. d4
Nf6 22. Bf3 Bd6 23. Qa4 Kb8 24. c4 g4 25. Bg2 h5 26. c5 Bxc5 27. dxc5 Rxd2 28.
b6 cxb6 29. cxb6 axb6 30. Rab1 Nd5 31. Rb3 Rc8 32. Ra3 Rcc2 33. Qa8+ Kc7 34.
Rg1 Qc5 35. Ra7 Qxg1+ 0-1

[Event "Benidorm 2013 - Torneo sub2300"]
[Site "Benidorm ESP"]
[Date "2013.12.06"]
[Round "9.4"]
[White "Bosque Ortega, Xavier"]
[Black "Amdouni, Zoubaier"]
[Result "0-1"]
[WhiteElo "2197"]
[BlackElo "2247"]
[PlyCount "150"]
[EventDate "2013.11.29"]
[EventType "swiss"]
[EventRounds "10"]
[EventCountry "ESP"]
[Source "lmi"]
[SourceDate "2013.11.29"]

1. d4 d6 2. Nf3 g6 3. e4 Bg7 4. Bd3 Nc6 5. c3 e5 6. dxe5 dxe5 7. O-O Nf6 8. Qe2
O-O 9. Rd1 Nh5 10. Bg5 Qe8 11. Nbd2 h6 12. Be3 f5 13. Bb5 a6 14. Ba4 Kh8 15.
Re1 f4 16. Bc5 Rf6 17. Ba3 Bd7 18. Bc2 Bf8 19. Bxf8 Qxf8 20. Nc4 Qe7 21. Red1
Be8 22. Rd2 g5 23. Rad1 b5 24. Na3 Rf8 25. Ne1 f3 26. Nxf3 Nf4 27. Qe3 Bh5 28.
Ne1 Bxd1 29. Bxd1 Rad8 30. Rxd8 Rxd8 31. Bg4 h5 32. Bf5 Rd1 33. Nac2 g4 34. g3
Nh3+ 35. Kg2 Ng5 36. h4 gxh3+ 37. Bxh3 Rd6 38. Bf5 Rh6 39. Nf3 Nf7 40. Nh4 Qg5
41. Qc5 Rd6 42. Ne3 Nfd8 43. Bh3 Nb7 44. Qa3 a5 45. Qb3 Nc5 46. Qf7 Rf6 47.
Qe8+ Qg8 48. Qxh5+ Qh7 49. Qe8+ Qg8 50. Qh5+ Qh7 51. Qxh7+ Kxh7 52. Nd5 Rf7 53.
b4 axb4 54. cxb4 Nd3 55. Bf5+ Kg7 56. Nf3 Ndxb4 57. Nxb4 Nxb4 58. Nxe5 Re7 59.
Ng6 Re8 60. Nf4 c6 61. Ne6+ Kf6 62. Nd4 Rd8 63. Ne6 Rd6 64. a3 Nc2 65. Nc5 Rd2
66. Bd7 Nxa3 67. Bxc6 Rc2 68. Bxb5 Nxb5 69. Nd3 Nd4 70. Kh3 Rd2 71. Nf4 Rxf2
72. e5+ Kg5 73. e6 Nf3 74. Ng2 Re2 75. g4 Ne1 0-1

[Event "Benidorm 2013 - Torneo sub2300"]
[Site "Benidorm ESP"]
[Date "2013.12.06"]
[Round "9.5"]
[White "Hristodorescu, Daniel"]
[Black "Montalban Galvez, Antoni"]
[Result "1/2-1/2"]
[WhiteElo "2207"]
[BlackElo "2183"]
[PlyCount "94"]
[EventDate "2013.11.29"]
[EventType "swiss"]
[EventRounds "10"]
[EventCountry "ESP"]
[Source "lmi"]
[SourceDate "2013.11.29"]

1. e4 c5 2. Nf3 e6 3. d4 cxd4 4. Nxd4 Nc6 5. Nc3 Qc7 6. g3 a6 7. Bg2 Nge7 8.
Nde2 Ng6 9. a3 Rb8 10. h4 h5 11. Nf4 Nxf4 12. Bxf4 d6 13. O-O Be7 14. Nb1 b5
15. Nd2 e5 16. Be3 Be6 17. f4 exf4 18. Bxf4 Ne5 19. Nf3 O-O 20. c3 Bc4 21. Rf2
Ng4 22. Rd2 Rbd8 23. Nd4 Be6 24. Bf3 Qb6 25. Kg2 Bc8 26. Qb3 Bf6 27. Rad1 Rfe8
28. Nf5 d5 29. Bxg4 hxg4 30. Ne3 dxe4 31. Rd6 Rxd6 32. Rxd6 Qc5 33. Nd5 Bb7 34.
Nxf6+ gxf6 35. Rd7 Re7 36. Rxe7 Qxe7 37. Be3 Qd7 38. Qc2 Qf5 39. Qf2 Qd5 40.
Qf4 Qd1 41. Qxf6 Qe2+ 42. Qf2 Qf3+ 43. Qxf3 exf3+ 44. Kf2 Kg7 45. Bd4+ Kg6 46.
Ke3 Kf5 47. Bc5 Bc6 1/2-1/2

[Event "Benidorm 2013 - Torneo sub2300"]
[Site "Benidorm ESP"]
[Date "2013.12.06"]
[Round "9.7"]
[White "Royset, Pal"]
[Black "Quintin Navarro, Alberto"]
[Result "0-1"]
[WhiteElo "2190"]
[BlackElo "2288"]
[PlyCount "119"]
[EventDate "2013.11.29"]
[EventType "swiss"]
[EventRounds "10"]
[EventCountry "ESP"]
[Source "lmi"]
[SourceDate "2013.11.29"]

1. e4 c5 2. c3 g6 3. d4 cxd4 4. cxd4 d5 5. e5 Bg7 6. Nc3 Nc6 7. Bb5 Nh6 8. Nge2
O-O 9. O-O Nf5 10. Bxc6 bxc6 11. Na4 Ba6 12. Re1 Bxe2 13. Rxe2 Qa5 14. Bd2 Qb5
15. Bc3 f6 16. e6 Nd6 17. b3 f5 18. Qe1 f4 19. f3 Nf5 20. Rd1 Rad8 21. Kf2 Rd6
22. Qd2 Ne3 23. Rxe3 fxe3+ 24. Qxe3 Rdd8 25. Nc5 Qb8 26. g3 Rf5 27. Kg2 Rh5 28.
Rh1 Bh6 29. Qe2 Rf5 30. Nd7 Qd6 31. g4 Rf4 32. Bd2 Bg7 33. Bxf4 Qxf4 34. Ne5
Rc8 35. Rd1 c5 36. Qa6 Rf8 37. Qe2 cxd4 38. Nd7 Rc8 39. Qd2 Qxd2+ 40. Rxd2 Rc6
41. b4 Rxe6 42. b5 Re1 43. Nb8 Rb1 44. Nc6 e5 45. Ne7+ Kf7 46. Nxd5 Rxb5 47.
Nc7 Rb7 48. Na6 Bh6 49. Rd1 Rb2+ 50. Kg1 Be3+ 51. Kh1 Rxa2 52. Nb4 Rd2 53. Rxd2
Bxd2 54. Nc6 Ke6 55. Nxa7 Kd7 56. Nb5 Bb4 57. Kg2 Kc6 58. Na7+ Kb7 59. Nb5 Kb6
60. Kf2 0-1

[Event "Benidorm 2013 - Torneo sub2300"]
[Site "Benidorm ESP"]
[Date "2013.12.06"]
[Round "9.8"]
[White "Gromovs, Sergejs"]
[Black "Garcia Trobat, Francisco"]
[Result "0-1"]
[WhiteElo "2148"]
[BlackElo "2241"]
[PlyCount "83"]
[EventDate "2013.11.29"]
[EventType "swiss"]
[EventRounds "10"]
[EventCountry "ESP"]
[Source "lmi"]
[SourceDate "2013.11.29"]

1. d4 Nf6 2. c4 e6 3. Nf3 Bb4+ 4. Nbd2 O-O 5. a3 Be7 6. e4 d6 7. Bd3 Nbd7 8.
O-O e5 9. Re1 Nh5 10. Nf1 Nf4 11. Bc2 c5 12. d5 Nf6 13. b4 b6 14. Rb1 Qc7 15.
b5 N6h5 16. Ng3 Nxg3 17. hxg3 Ng6 18. a4 a6 19. bxa6 Rxa6 20. Re3 Bd7 21. Ra3
Rfa8 22. Ne1 Qd8 23. f4 exf4 24. gxf4 Bf6 25. Nf3 Qe8 26. Qd3 Bxa4 27. Bxa4
Rxa4 28. Rxa4 Qxa4 29. Rxb6 Qa1 30. Rb1 Qa2 31. Kh2 h6 32. Rb6 Qa1 33. Bd2 Qd1
34. Qb1 Qe2 35. Rxd6 Nh4 36. Nxh4 Bxh4 37. Bc3 Qe3 38. Be5 Bg3+ 39. Kh1 Qe2 40.
Rb6 Ra2 41. Rd6 Bh4 42. Bc3 0-1

[Event "Benidorm 2013 - Torneo sub2300"]
[Site "Benidorm ESP"]
[Date "2013.12.06"]
[Round "9.9"]
[White "Santagati, Alessandro"]
[Black "Aquino, Jose Rodolfo"]
[Result "1-0"]
[WhiteElo "2216"]
[BlackElo "2136"]
[PlyCount "39"]
[EventDate "2013.11.29"]
[EventType "swiss"]
[EventRounds "10"]
[EventCountry "ESP"]
[Source "lmi"]
[SourceDate "2013.11.29"]

1. e4 d5 2. Nc3 d4 3. Nce2 e5 4. Ng3 Nc6 5. c3 Qd6 6. Nf3 h5 7. h4 Bg4 8. Bb5
Nge7 9. cxd4 exd4 10. Qb3 Bxf3 11. Qxf3 a6 12. Nf5 Nxf5 13. Bxc6+ Qxc6 14. Qxf5
g6 15. Qe5+ Qe6 16. Qxh8 Qxe4+ 17. Kd1 O-O-O 18. f3 Qf5 19. Re1 Qb5 20. Qe5 1-0

[Event "Benidorm 2013 - Torneo sub2300"]
[Site "Benidorm ESP"]
[Date "2013.12.06"]
[Round "9.17"]
[White "Gete Rodriguez, Isidro"]
[Black "Ballesteros Gonzalez, David"]
[Result "1-0"]
[WhiteElo "2102"]
[BlackElo "2262"]
[PlyCount "81"]
[EventDate "2013.11.29"]
[EventType "swiss"]
[EventRounds "10"]
[EventCountry "ESP"]
[Source "lmi"]
[SourceDate "2013.11.29"]

1. d4 Nf6 2. c4 g6 3. Nc3 Bg7 4. e4 d6 5. Nf3 O-O 6. Be2 e5 7. d5 a5 8. g3 Na6
9. Nh4 Bh3 10. Bf1 Bxf1 11. Rxf1 Nc5 12. f3 c6 13. Be3 cxd5 14. Nxd5 Nxd5 15.
Qxd5 Qb6 16. Rf2 Rac8 17. Rd1 Qb4+ 18. Kf1 Ne6 19. b3 b6 20. Qxd6 Nd4 21. Qxb4
axb4 22. Bxd4 exd4 23. f4 Rfd8 24. Nf3 Rd7 25. Rfd2 Rcd8 26. e5 Ra7 27. Nxd4
Rda8 28. Nc6 Rxa2 29. Nxb4 Rxd2 30. Rxd2 Ra1+ 31. Kg2 Rb1 32. Rd8+ Bf8 33. Nd5
Rxb3 34. Rb8 Rb2+ 35. Kf3 Kg7 36. Rxb6 Rxh2 37. Rb7 Bc5 38. e6 Rf2+ 39. Kg4 Bd4
40. Rxf7+ Kh6 41. e7 1-0

[Event "Benidorm 2013 - Torneo sub2300"]
[Site "Benidorm ESP"]
[Date "2013.12.06"]
[Round "9.19"]
[White "Voiteanu, Gabriel"]
[Black "Moreno Ibanez, Miguel"]
[Result "0-1"]
[WhiteElo "2251"]
[BlackElo "2178"]
[PlyCount "52"]
[EventDate "2013.11.29"]
[EventType "swiss"]
[EventRounds "10"]
[EventCountry "ESP"]
[Source "lmi"]
[SourceDate "2013.11.29"]

1. d4 d5 2. c4 e6 3. Nf3 c6 4. e3 f5 5. b3 Nf6 6. Bd3 Bd6 7. O-O Qe7 8. Bb2 O-O
9. Qc1 b6 10. Ba3 c5 11. dxc5 bxc5 12. Nc3 e5 13. Be2 e4 14. Nd2 f4 15. Nxd5
Nxd5 16. cxd5 f3 17. Bd1 fxg2 18. Nc4 gxf1=Q+ 19. Kxf1 Bh3+ 20. Ke1 Nd7 21. Bb2
Be5 22. d6 Qf6 23. Nxe5 Nxe5 24. Be2 Nd3+ 25. Bxd3 Qxf2+ 26. Kd1 Bg4+ 0-1

[Event "Benidorm 2013 - Torneo sub2300"]
[Site "Benidorm ESP"]
[Date "2013.12.06"]
[Round "9.24"]
[White "Bilquez, Romain"]
[Black "Cantero, Antonio"]
[Result "1/2-1/2"]
[WhiteElo "2152"]
[BlackElo "2262"]
[PlyCount "28"]
[EventDate "2013.11.29"]
[EventType "swiss"]
[EventRounds "10"]
[EventCountry "ESP"]
[Source "lmi"]
[SourceDate "2013.11.29"]

1. e4 e5 2. Nf3 Nc6 3. d4 exd4 4. Bc4 Nf6 5. O-O Nxe4 6. Re1 d5 7. Bxd5 Qxd5 8.
Nc3 Qh5 9. Nxe4 Be6 10. Bg5 Bd6 11. Nxd6+ cxd6 12. Bf4 O-O-O 13. c3 Qd5 14.
Nxd4 Nxd4 1/2-1/2

[Event "Benidorm 2013 - Torneo sub2300"]
[Site "Benidorm ESP"]
[Date "2013.12.06"]
[Round "9.29"]
[White "Saenz Narciso, Miguel Angel"]
[Black "Cambando, Jose"]
[Result "1-0"]
[WhiteElo "2191"]
[BlackElo "2117"]
[PlyCount "67"]
[EventDate "2013.11.29"]
[EventType "swiss"]
[EventRounds "10"]
[EventCountry "ESP"]
[Source "lmi"]
[SourceDate "2013.11.29"]

1. d4 d5 2. Nf3 Nf6 3. c4 dxc4 4. Nc3 a6 5. a4 Nc6 6. g3 Bf5 7. Bg2 Nb4 8. O-O
Nc2 9. Ra2 Nb4 10. Ra3 Nc2 11. Nh4 Nxa3 12. Nxf5 e6 13. Ne3 c6 14. bxa3 Nd5 15.
Nexd5 cxd5 16. e4 dxe4 17. Bxe4 Qc7 18. Qf3 Rb8 19. Bc2 Rd8 20. Ne4 Bd6 21.
Nxd6+ Qxd6 22. Qxb7 O-O 23. Qe4 f5 24. Qe2 Qe7 25. Bf4 Rc8 26. Be5 Rf7 27. Rc1
Rc6 28. Bd1 Qxa3 29. Qe3 Qe7 30. Bf3 Rc8 31. d5 exd5 32. Bxd5 c3 33. Rxc3 Rxc3
34. Bxc3 1-0

[Event "Benidorm 2013 - Torneo sub2300"]
[Site "Benidorm ESP"]
[Date "2013.12.06"]
[Round "9.34"]
[White "Garcia Garcia, Adrian Antonio"]
[Black "Remolar Gallen, Jose"]
[Result "1/2-1/2"]
[WhiteElo "2050"]
[BlackElo "2213"]
[PlyCount "81"]
[EventDate "2013.11.29"]
[EventType "swiss"]
[EventRounds "10"]
[EventCountry "ESP"]
[Source "lmi"]
[SourceDate "2013.11.29"]

1. e4 c6 2. d4 d5 3. exd5 cxd5 4. c4 Nf6 5. Nc3 Nc6 6. cxd5 Nxd5 7. Bb5 e6 8.
Nf3 Qb6 9. Bxc6+ bxc6 10. O-O Be7 11. Ne4 h6 12. Kh1 O-O 13. Ne5 Nf6 14. Nxf6+
Bxf6 15. Qg4 Rd8 16. Be3 Qc7 17. Rfe1 Kf8 18. Qe4 Bb7 19. Rac1 Rd5 20. Ng4 Rf5
21. Nxf6 Rxf6 22. Rc5 Kg8 23. Rec1 Rd8 24. f3 Qd7 25. Kg1 Rf5 26. Bf2 Rd5 27.
h3 Ba8 28. b4 Qb7 29. a3 Qa6 30. R1c3 Bb7 31. Kh2 Qf1 32. Rc2 Ba6 33. Qh4 Bb5
34. Rxd5 Rxd5 35. Rc5 Rd7 36. Qg3 Kh7 37. Qh4 f5 38. Be3 Qd3 39. Qe1 Qxa3 40.
Bxh6 Qa2 41. Be3 1/2-1/2

[Event "Benidorm 2013 - Torneo sub2300"]
[Site "Benidorm ESP"]
[Date "2013.12.06"]
[Round "9.37"]
[White "Grundekjon, Christian"]
[Black "Nunez Reiz, Antonio"]
[Result "1-0"]
[WhiteElo "1982"]
[BlackElo "2119"]
[PlyCount "78"]
[EventDate "2013.11.29"]
[EventType "swiss"]
[EventRounds "10"]
[EventCountry "ESP"]
[Source "lmi"]
[SourceDate "2013.11.29"]

1. e4 d5 2. exd5 Qxd5 3. Nc3 Qd6 4. d4 Nf6 5. Nf3 c6 6. Bc4 Bg4 7. Be3 e6 8. h3
Bh5 9. g4 Bg6 10. Ne5 Nd5 11. Nxd5 cxd5 12. Nxg6 hxg6 13. Bb3 Nd7 14. Qd3 a6
15. O-O-O Be7 16. Kb1 O-O-O 17. c4 dxc4 18. Qxc4+ Kb8 19. d5 e5 20. f4 Rc8 21.
Qe4 Rhe8 22. fxe5 Nxe5 23. Bf4 f6 24. Rhe1 Bf8 25. Qd4 Rc5 26. Rc1 Rec8 27. Rc3
Rxc3 28. bxc3 Qc7 29. c4 Bd6 30. Rc1 g5 31. Bg3 Qa5 32. c5 Rxc5 33. Rxc5 Bxc5
34. Bxe5+ Ka7 35. Qc3 Qb5 36. Bd4 Qf1+ 37. Kb2 Qe2+ 38. Bc2 Qb5+ 39. Ka1 Qf1+
1-0

[Event "Benidorm 2013 - Torneo sub2300"]
[Site "Benidorm ESP"]
[Date "2013.12.06"]
[Round "9.39"]
[White "Mascarell Canet, Ricardo"]
[Black "Grau Brumos, Isidre"]
[Result "1-0"]
[WhiteElo "1977"]
[BlackElo "2109"]
[PlyCount "33"]
[EventDate "2013.11.29"]
[EventType "swiss"]
[EventRounds "10"]
[EventCountry "ESP"]
[Source "lmi"]
[SourceDate "2013.11.29"]

1. e4 d6 2. g3 c5 3. Bg2 Nc6 4. b3 e5 5. Bb2 h5 6. Nf3 Be7 7. a4 h4 8. Na3 Be6
9. Nc4 Qd7 10. c3 f5 11. d3 O-O-O 12. exf5 Bxf5 13. Ne3 Be6 14. d4 Bh3 15. Bxh3
Qxh3 16. d5 Nb8 17. g4 1-0

[Event "Benidorm 2013 - Torneo sub2300"]
[Site "Benidorm ESP"]
[Date "2013.12.06"]
[Round "9.40"]
[White "Vinal Gutierrez, Pedro"]
[Black "Isherwood, Paul"]
[Result "1-0"]
[WhiteElo "2108"]
[BlackElo "2013"]
[PlyCount "65"]
[EventDate "2013.11.29"]
[EventType "swiss"]
[EventRounds "10"]
[EventCountry "ESP"]
[Source "lmi"]
[SourceDate "2013.11.29"]

1. d4 d6 2. Nf3 Nf6 3. Bf4 c6 4. c3 Qc7 5. h3 Nbd7 6. e3 e5 7. Bh2 Be7 8. Be2
O-O 9. O-O Re8 10. a4 e4 11. Nfd2 Nf8 12. b4 Qd8 13. c4 h6 14. Nc3 d5 15. c5
Bf5 16. Re1 Qd7 17. b5 N8h7 18. bxc6 bxc6 19. a5 Bd8 20. Nf1 Bc7 21. Ng3 Be6
22. Qd2 Reb8 23. a6 Rb3 24. Reb1 Rab8 25. Qc2 Rxb1+ 26. Rxb1 Rxb1+ 27. Qxb1 Ng5
28. h4 Ngh7 29. Qb7 Nf8 30. Kh1 Ba5 31. Nd1 Ng6 32. h5 Ne7 33. f3 1-0

[Event "Benidorm 2013 - Torneo sub2300"]
[Site "Benidorm ESP"]
[Date "2013.12.06"]
[Round "9.41"]
[White "Lada, Ireneusz"]
[Black "Banegas Gomez, Ricard"]
[Result "0-1"]
[WhiteElo "1935"]
[BlackElo "2103"]
[PlyCount "62"]
[EventDate "2013.11.29"]
[EventType "swiss"]
[EventRounds "10"]
[EventCountry "ESP"]
[Source "lmi"]
[SourceDate "2013.11.29"]

1. c4 e5 2. Nc3 d6 3. Nf3 f5 4. d4 e4 5. Ng5 Nf6 6. Nh3 Be7 7. f3 O-O 8. Nf2
Kh8 9. Bg5 Nc6 10. Bxf6 Bxf6 11. e3 exf3 12. Nd5 fxg2 13. Bxg2 Bg5 14. h4 Bh6
15. Qd3 Ne7 16. Nc3 c6 17. Bf3 Rb8 18. O-O-O Qa5 19. Nh3 b5 20. cxb5 cxb5 21.
Kb1 b4 22. Ne2 Ba6 23. Qb3 d5 24. Rc1 Rfc8 25. Rxc8+ Rxc8 26. a3 bxa3 27. Nc1
axb2 28. Kxb2 Qd2+ 29. Kb1 Bxe3 30. Qb2 Bd3+ 31. Nxd3 Qxd3+ 0-1

[Event "Benidorm 2013 - Torneo sub2300"]
[Site "Benidorm ESP"]
[Date "2013.12.06"]
[Round "9.43"]
[White "Planells Roig, Jose"]
[Black "Alvarez Pedrosa, Valeriano"]
[Result "1/2-1/2"]
[WhiteElo "2086"]
[BlackElo "1923"]
[PlyCount "56"]
[EventDate "2013.11.29"]
[EventType "swiss"]
[EventRounds "10"]
[EventCountry "ESP"]
[Source "lmi"]
[SourceDate "2013.11.29"]

1. e4 c5 2. Nf3 Nc6 3. d4 cxd4 4. Nxd4 Nf6 5. Nc3 e5 6. Ndb5 d6 7. Bg5 a6 8.
Na3 b5 9. Bxf6 gxf6 10. Nd5 Bg7 11. c3 f5 12. exf5 Bxf5 13. Nc2 O-O 14. Nce3
Be6 15. Bd3 f5 16. Qh5 e4 17. Bc2 Ne5 18. Nf4 Qf6 19. Nxe6 Qxe6 20. Bb3 Nc4 21.
O-O-O Kh8 22. Qe2 Rac8 23. Kb1 a5 24. Bxc4 bxc4 25. Qc2 Rb8 26. Nd5 Rb7 27. Ka1
Rfb8 28. Rb1 Be5 1/2-1/2

[Event "Benidorm 2013 - Torneo sub2300"]
[Site "Benidorm ESP"]
[Date "2013.12.06"]
[Round "9.48"]
[White "Castellanos Bogalo, Antonio"]
[Black "Capote Robayna, Nathaniel"]
[Result "0-1"]
[WhiteElo "2056"]
[BlackElo "2128"]
[PlyCount "68"]
[EventDate "2013.11.29"]
[EventType "swiss"]
[EventRounds "10"]
[EventCountry "ESP"]
[Source "lmi"]
[SourceDate "2013.11.29"]

1. e4 c5 2. d4 cxd4 3. c3 d3 4. Bxd3 d6 5. Nf3 Nf6 6. O-O g6 7. c4 Bg7 8. Nc3
Nc6 9. h3 O-O 10. Qe2 Be6 11. Be3 Rc8 12. Ng5 Bd7 13. Rac1 Nh5 14. g4 Nf6 15.
f4 h5 16. gxh5 Nxh5 17. Qg2 Qa5 18. e5 dxe5 19. Nxf7 Rxf7 20. Bxg6 Rf6 21. Nd5
exf4 22. Nxf6+ exf6 23. Bd2 Qc5+ 24. Kh2 Re8 25. Bxh5 Qxh5 26. Bxf4 Ne5 27. Rc3
Bc6 28. Qg3 Rd8 29. Rf2 Rd1 30. Rc1 Rxc1 31. Bxc1 Qd1 32. Qe3 Qh1+ 33. Kg3 Qg1+
34. Kh4 Bf3 0-1

[Event "Benidorm 2013 - Torneo sub2300"]
[Site "Benidorm ESP"]
[Date "2013.12.06"]
[Round "9.57"]
[White "Del Valle Rosas, Alfonso"]
[Black "Cardenas Serrano, Sergio"]
[Result "0-1"]
[WhiteElo "2008"]
[BlackElo "2094"]
[PlyCount "60"]
[EventDate "2013.11.29"]
[EventType "swiss"]
[EventRounds "10"]
[EventCountry "ESP"]
[Source "lmi"]
[SourceDate "2013.11.29"]

1. d4 Nf6 2. c4 c5 3. d5 e5 4. g3 d6 5. Nc3 Be7 6. Bg2 O-O 7. e4 Ne8 8. Nge2 g6
9. O-O f5 10. f4 Nd7 11. Be3 Ndf6 12. fxe5 dxe5 13. Kh1 h6 14. exf5 Bxf5 15. d6
Nxd6 16. Nd5 Be4 17. Bxe4 Ndxe4 18. Qd3 Nxd5 19. Qxe4 Nxe3 20. Qxe3 Qd6 21.
Rad1 Qc6+ 22. Kg1 e4 23. Nc3 Bf6 24. Nd5 Rae8 25. Nxf6+ Rxf6 26. Rd5 Rf3 27.
Qe2 Qf6 28. Rfd1 e3 29. Rd6 Qf5 30. R6d5 Qe4 0-1

[Event "Benidorm 2013 - Torneo sub2300"]
[Site "Benidorm ESP"]
[Date "2013.12.06"]
[Round "9.62"]
[White "Sanchez Dengra, Barbara"]
[Black "Lillo Ferrer, Jose Maria M"]
[Result "1/2-1/2"]
[WhiteElo "1905"]
[BlackElo "2062"]
[PlyCount "36"]
[EventDate "2013.11.29"]
[EventType "swiss"]
[EventRounds "10"]
[EventCountry "ESP"]
[Source "lmi"]
[SourceDate "2013.11.29"]

1. e4 g6 2. d4 Bg7 3. Nc3 d6 4. f4 Nf6 5. Bd3 e5 6. dxe5 dxe5 7. f5 gxf5 8.
exf5 e4 9. Nxe4 Bxf5 10. Nxf6+ Qxf6 11. Qe2+ Be6 12. Nf3 Nc6 13. O-O O-O-O 14.
c3 Bg4 15. Bg5 Bxf3 16. Bxf6 Bxe2 17. Bxe2 Bxf6 18. Rxf6 Ne5 1/2-1/2

[Event "Benidorm 2013 - Torneo sub2300"]
[Site "Benidorm ESP"]
[Date "2013.12.06"]
[Round "9.67"]
[White "Forsa, Elise"]
[Black "Parals Marce, Luis"]
[Result "1-0"]
[WhiteElo "1793"]
[BlackElo "1984"]
[PlyCount "27"]
[EventDate "2013.11.29"]
[EventType "swiss"]
[EventRounds "10"]
[EventCountry "ESP"]
[Source "lmi"]
[SourceDate "2013.11.29"]

1. e4 c5 2. Nf3 e6 3. d4 cxd4 4. Nxd4 Nc6 5. Be3 Nf6 6. Bd3 a6 7. a4 d5 8. Nd2
e5 9. N4f3 h6 10. exd5 Nxd5 11. Nc4 Nxe3 12. Nxe3 Bg4 13. Nxg4 Bc5 14. O-O 1-0

[Event "Benidorm 2013 - Torneo sub2300"]
[Site "Benidorm ESP"]
[Date "2013.12.07"]
[Round "10.1"]
[White "Olhovik, Andrei"]
[Black "Kultiyasov, Mikhail"]
[Result "1-0"]
[WhiteElo "2252"]
[BlackElo "2188"]
[PlyCount "93"]
[EventDate "2013.11.29"]
[EventType "swiss"]
[EventRounds "10"]
[EventCountry "ESP"]
[Source "lmi"]
[SourceDate "2013.11.29"]

1. e4 e5 2. Nf3 Nc6 3. Bb5 a6 4. Ba4 Nf6 5. O-O b5 6. Bb3 Be7 7. Re1 d6 8. c3
O-O 9. h3 Bb7 10. d3 Re8 11. Nbd2 Nb8 12. Nf1 Bf8 13. Ng3 g6 14. a4 Nbd7 15. d4
c6 16. Bc2 Qc7 17. Be3 c5 18. d5 c4 19. Qd2 Nc5 20. Nh2 h5 21. f3 Kh7 22. Nh1
Bg7 23. g4 Rh8 24. Nf2 Rhb8 25. Nf1 Bc8 26. Rec1 bxa4 27. Bxa4 Nxa4 28. Rxa4
Bd7 29. Ra2 Rh8 30. Rca1 Bb5 31. Kg2 Rhg8 32. Ng3 Nd7 33. gxh5 Bf6 34. Ng4 gxh5
35. Bb6 Bg5 36. Qxg5 Rxg5 37. Bxc7 hxg4 38. hxg4 Nc5 39. Rh1+ Kg8 40. Bxd6 Nd3
41. Raa1 Ra7 42. Rh4 Nf4+ 43. Kf2 Rg6 44. Nf5 Rxd6 45. Nxd6 Ng6 46. Rhh1 Bd7
47. Nxc4 1-0

[Event "Benidorm 2013 - Torneo sub2300"]
[Site "Benidorm ESP"]
[Date "2013.12.07"]
[Round "10.2"]
[White "Valmana Canto, Jaime"]
[Black "Amdouni, Zoubaier"]
[Result "0-1"]
[WhiteElo "2298"]
[BlackElo "2247"]
[PlyCount "70"]
[EventDate "2013.11.29"]
[EventType "swiss"]
[EventRounds "10"]
[EventCountry "ESP"]
[Source "lmi"]
[SourceDate "2013.11.29"]

1. e4 c5 2. Nf3 Nc6 3. d4 cxd4 4. Nxd4 e5 5. Nb5 d6 6. N1c3 a6 7. Na3 b5 8. Nd5
Nce7 9. c4 Nxd5 10. exd5 bxc4 11. Nxc4 Nf6 12. Bd2 a5 13. Ne3 Bd7 14. Bd3 g6
15. O-O Bg7 16. a4 O-O 17. b4 axb4 18. Bxb4 Qb6 19. Bb5 Bxb5 20. axb5 Ne4 21.
Qc2 f5 22. Rxa8 Rxa8 23. Qc6 Rb8 24. Nc4 Qxb5 25. Bxd6 Qxc6 26. dxc6 Rc8 27.
Bxe5 Rxc6 28. Bxg7 Kxg7 29. Ne5 Rc2 30. f3 Nc3 31. Rf2 Rc1+ 32. Rf1 Ne2+ 33.
Kf2 Rc2 34. Ke3 Nc1 35. Rf2 f4+ 0-1

[Event "Benidorm 2013 - Torneo sub2300"]
[Site "Benidorm ESP"]
[Date "2013.12.07"]
[Round "10.3"]
[White "Arias Igual, Alejandro"]
[Black "Martinez Reyes, Pedro Ramon"]
[Result "1/2-1/2"]
[WhiteElo "2178"]
[BlackElo "2235"]
[PlyCount "60"]
[EventDate "2013.11.29"]
[EventType "swiss"]
[EventRounds "10"]
[EventCountry "ESP"]
[Source "lmi"]
[SourceDate "2013.11.29"]

1. d4 d5 2. c4 dxc4 3. e3 Nf6 4. Bxc4 e6 5. Nf3 c5 6. O-O Nc6 7. dxc5 Qxd1 8.
Rxd1 Bxc5 9. a3 Ke7 10. Nc3 Bd7 11. b4 Bd6 12. Nb5 Bb8 13. Bb2 Rc8 14. Bb3 a6
15. Nbd4 Ba7 16. Rac1 Nxd4 17. Bxd4 Bxd4 18. Nxd4 Rxc1 19. Rxc1 Rc8 20. Rxc8
Bxc8 21. f3 Nd7 22. Kf2 Ne5 23. Ke2 Bd7 24. e4 Nc6 25. Nxc6+ Bxc6 26. Ke3 e5
27. g3 f6 28. f4 Kd6 29. Bc4 Bb5 30. Bxb5 axb5 1/2-1/2

[Event "Benidorm 2013 - Torneo sub2300"]
[Site "Benidorm ESP"]
[Date "2013.12.07"]
[Round "10.4"]
[White "Quintin Navarro, Alberto"]
[Black "Hristodorescu, Daniel"]
[Result "1/2-1/2"]
[WhiteElo "2288"]
[BlackElo "2207"]
[PlyCount "62"]
[EventDate "2013.11.29"]
[EventType "swiss"]
[EventRounds "10"]
[EventCountry "ESP"]
[Source "lmi"]
[SourceDate "2013.11.29"]

1. d4 Nf6 2. c4 c5 3. d5 e5 4. Nc3 d6 5. e4 Be7 6. g3 O-O 7. Bg2 Ne8 8. Nge2
Bg5 9. f4 exf4 10. gxf4 Bh4+ 11. Ng3 f5 12. O-O fxe4 13. Ncxe4 Nd7 14. Bd2 Ndf6
15. Ng5 Nc7 16. Nh5 Bf5 17. Bc3 Nxh5 18. Qxh5 Bxg5 19. Qxg5 Qd7 20. Rae1 h6 21.
Qh4 Rae8 22. Rf3 Rxe1+ 23. Qxe1 Re8 24. Re3 Rxe3 25. Qxe3 Qe8 26. Qg3 Qe7 27.
Bh3 Bxh3 28. Qxh3 b5 29. Qc8+ Kh7 30. Qf5+ Kg8 31. Qc8+ Qe8 1/2-1/2

[Event "Benidorm 2013 - Torneo sub2300"]
[Site "Benidorm ESP"]
[Date "2013.12.07"]
[Round "10.5"]
[White "Garcia Trobat, Francisco"]
[Black "Janev, Pavel"]
[Result "1-0"]
[WhiteElo "2241"]
[BlackElo "2202"]
[PlyCount "75"]
[EventDate "2013.11.29"]
[EventType "swiss"]
[EventRounds "10"]
[EventCountry "ESP"]
[Source "lmi"]
[SourceDate "2013.11.29"]

1. d4 Nf6 2. Nf3 g6 3. c4 Bg7 4. Nc3 d5 5. cxd5 Nxd5 6. e4 Nxc3 7. bxc3 c5 8.
Be3 Bg4 9. Qa4+ Nc6 10. Ne5 Bd7 11. Nxd7 Qxd7 12. Bb5 O-O 13. O-O a6 14. Bxc6
Qxc6 15. Qxc6 bxc6 16. dxc5 f5 17. exf5 gxf5 18. f4 Rfd8 19. Rab1 Bxc3 20. Rb6
Rd3 21. Bf2 Rd2 22. Rc1 Bb2 23. Rb1 Bf6 24. Rxc6 Rad8 25. Re6 Rxa2 26. c6 Rc2
27. Bb6 Rdd2 28. c7 Rxg2+ 29. Kf1 Kf7 30. Rxf6+ Kxf6 31. Bd4+ Ke6 32. c8=Q+
Rxc8 33. Kxg2 Kd5 34. Be5 Ra8 35. Rb7 e6 36. Rxh7 a5 37. Rd7+ Ke4 38. Kf2 1-0